000 00320nam a22001457a 4500
008 210312b ||||| |||| 00| 0 eng d
020 _a0060456027
041 _aeng
080 _a611.085
082 _a611.085
100 _a9
101 _aHIS
245 _aHistology a text and Atlas
_cRoss, M. H
942 _2udc
_cBK
999 _c56476
_d56476